Antropología

Uloženo v:
Podrobná bibliografie
Hlavní autor: Kluckhohn, Clyde
Médium: Kniha
Jazyk:španělština
Vydáno: Fondo de Cultura Económica. 1949.
Témata:
Tagy: Přidat tag
Žádné tagy, Buďte první, kdo vytvoří štítek k tomuto záznamu!

MARC

LEADER 00000nam a22000005a 4500
001 4676
003 CL-ChBUA
005 20120815102859.0
008 070301s1949 mx 000 0 spa
020 |a 9681608704 
040 |a CL-ChBUA  |c CL-ChBUA 
082 0 0 |a 572 
090 |c 4676  |d 4676 
100 1 |a Kluckhohn, Clyde. 
245 1 0 |a Antropología 
260 |b Fondo de Cultura Económica.  |c 1949. 
300 |a 325 p.  |c 18 cm. 
504 |a Indice. 
650 4 |a ANTROPOLOGIA. 
942 |c LIB 
952 |0 0  |1 0  |4 0  |7 0  |9 6929  |a UNACH  |b UNACH  |c 500  |d 2007-03-05  |i 21.393.  |l 0  |o 572 / K 66.  |p 7928  |r 2012-12-27 00:00:00  |u 6929  |w 2012-08-08  |y LIB  |k 572 / K 66. 
999 |c 4676  |d 4676